Rebert Cameron's Above Washington Introduction by Alistair Cooke (Record no. 565186)
[ view plain ]
| 000 -LEADER | |
|---|---|
| fixed length control field | 00342nam a2200109Ia 4500 |
| 008 - FIXED-LENGTH DATA ELEMENTS--GENERAL INFORMATION | |
| fixed length control field | 210430s9999 xx 000 0 und d |
| 020 ## - INTERNATIONAL STANDARD BOOK NUMBER | |
| International Standard Book Number | 0-918684-08-0 |
| 082 ## - DEWEY DECIMAL CLASSIFICATION NUMBER | |
| Classification number | 917 C1721R |
| 100 ## - MAIN ENTRY--PERSONAL NAME | |
| Personal name | Fort Lesley J. McNair |
| 9 (RLIN) | 54565 |
| 245 ## - TITLE STATEMENT | |
| Title | Rebert Cameron's Above Washington Introduction by Alistair Cooke |
| Statement of responsibility, etc. | Fort Lesley J. McNair |
| 942 ## - ADDED ENTRY ELEMENTS (KOHA) | |
| Koha item type | Book |
| Source of classification or shelving scheme | |
| Withdrawn status | Lost status | Damaged status | Not for loan | Collection code | Permanent Location | Current Location | Shelving location | Date acquired | Total Checkouts | Full call number | Barcode | Date last seen | Price effective from | Koha item type |
|---|---|---|---|---|---|---|---|---|---|---|---|---|---|---|
| School of Chemical & Materials Engineering (SCME) | School of Chemical & Materials Engineering (SCME) | General Stacks | 07/15/4 | 917 C1721R | SCME-4475 | 04/30/2021 | 04/30/2021 | Book |
